LEADER 00898naa a2200217 u 4500 001 000000094021 003 CaOOAMICUS 005 20070226130136.0 008 010724m19881996fr u000 u eng u 035 $a10898379 040 $aPUL(R)$bita 100 1 $aVagts, Detlev F.,$d1929-$0(OLS)http://pul/name/60468 245 10$aDispute-resution mechanisms in international business /$cby Detlev F. Vagts. 260 $a[S. l. :$bs. n.],$c1988-1996. 300 $aP. [1-93] 504 $aBibliografia in nota. 650 4$aDiritto commerciale internazionale.$0(OLS)http://pul/subject/25158 773 0 $tRecueil des cours$gv.III (1987) 773 0 $tRecueil des cours 1987 : collected courses of The Hague Academy of International Law$w()60487 996 $6245$aDispute-resution mechanisms in international business$9(OLS)http://pul/title/120878 996 $6260$a[S. l. :$bs. n.]$9(OLS)http://pul/publisher/47882 LEADER 01396nam a2200265 a 4500 001 000000163959 003 CaOOAMICUS 005 20171107150433.0 008 171107s1993 it m u000 udeng r 032 $aLibriCat 040 $aPUL$bita 100 1 $aAnthony, Francis Vincent,$cS.D.B.$0(OLS)http://pul/name/27106 245 00$aInculturation and catechesis : $ban empirical-theological research study on the nurturing of inculturizing-attitude by Catholic schools in the Tamil cultural context /$cFrancis Vincent Anthony . 260 $aRoma :$b[s.n.],$c1993. 300 $aix, 131 p. ; $c24 cm. 502 $aEstratto di Tesi. Universitā Pontificia Salesiana. Facoltā di Teologia.1993. 504 $aBibliografia in nota a pič pagina. 650 04$aCatechesi.$0(OLS)http://pul/subject/4492 710 2 $aPontificia Universitā Salesiana.$bFacoltā di teologia.$kTesi.$0(OLS)http://pul/name/12417 850 $aPUL 852 $aPUL$W1$xDP1 Tesi Pon. Univ. Salesiana$y46$mTH SAL 308$j188070$qTesi$B191231$CPULBib$Z2$F191231 $H71578 $82 941 1 $a16 996 $6245$aInculturation and catechesis : $ban empirical-theological research study on the nurturing of inculturizing-attitude by Catholic schools in the Tamil cultural context$9(OLS)http://pul/title/203656 996 $6260$aRoma :$b[s.n.]$9(OLS)http://pul/publisher/47958